[Event "Wuppertal"]
[Site "Wuppertal"]
[Date "1986.??.??"]
[Round "?"]
[White "Farago, Ivan"]
[Black "Lau, Ralf"]
[Result "0-1"]
[WhiteElo "2520"]
[BlackElo "2455"]

1.d4 Nf6 2.c4 e6 3.Nf3 b6 4.g3 Ba6 5.b3 d5 6.cxd5 exd5 7.Bg2 Bb4+ 8.Bd2 Bxd2+
9.Qxd2 O-O 10.O-O Re8 11.Re1 Nbd7 12.e3 Ne4 13.Qb2 c5 14.Nc3 cxd4 15.exd4 Ndf6
16.Ne5 Nxc3 17.Qxc3 Rc8 18.Qb2 Qd6 19.Bh3 Rc7 20.Rac1 Ree7 21.Rxc7 Rxc7 22.Ng4 Ne4
23.f3 Qb4 24.Re3 Nd6 25.a3 Qa5 26.Ne5 g6 27.a4 Qb4 28.Nd3 Qc3 29.Bf1 Kg7
30.g4 Qxb2 31.Nxb2 Rc1 32.Nd3 Rc3 33.b4 Bc4 34.Kf2 Ra3 35.a5 bxa5 36.bxa5 Rxa5
37.Nb4 Rb5 38.Nc6 Rb2+ 39.Be2 Ra2 40.Nb4 Ra4 41.Nc6 a5 42.Bxc4 dxc4 43.Rc3 Kf8
44.d5 Nb5 45.Rc2 c3 46.Ke3 Ke8 47.Ne5 Ke7 48.g5 Kd6  0-1

[Event "FRG-ch"]
[Site "Bad Neuenahr"]
[Date "1987.??.??"]
[Round "?"]
[White "Schuh, Hubert"]
[Black "Muse, Mladen"]
[Result "1/2-1/2"]
[WhiteElo "2295"]
[BlackElo "2405"]

1.d4 Nf6 2.c4 e6 3.Nf3 b6 4.g3 Ba6 5.Qb3 c5 6.Bg2 Nc6 7.Qa4 Bb7 8.dxc5 bxc5
9.O-O Qb6 10.Nc3 Be7 11.Rd1 O-O 12.Bf4 Rfd8 13.Qb5  1/2-1/2

[Event "Beersheba"]
[Site "Beersheba"]
[Date "1987.??.??"]
[Round "?"]
[White "Shvidler, Eliahu"]
[Black "Farago, Ivan"]
[Result "1/2-1/2"]
[WhiteElo "2450"]
[BlackElo "2535"]

1.d4 Nf6 2.c4 e6 3.Nf3 b6 4.g3 Ba6 5.Qb3 Nc6 6.Nbd2 Na5 7.Qa4 Bb7 8.Bg2 c5
9.dxc5 bxc5 10.O-O Be7 11.Rd1 Qb6 12.Qc2 h6 13.b3 O-O 14.e4 d6 15.e5 dxe5
16.Nxe5 Bxg2 17.Kxg2 Rad8 18.Bb2 Nc6 19.Nxc6 Qxc6+ 20.f3 Rd7 21.Nf1 Rfd8
22.Ne3 h5 23.Kf2 g5 24.Qe2 g4 25.Rxd7 Rxd7 26.Bxf6 Bxf6 27.Rd1 Rxd1 28.Qxd1 Bd4
29.Qe2 Bxe3+ 30.Qxe3 Qxf3+ 31.Qxf3 gxf3 32.Kxf3 a5 33.Ke4 f6 34.a3 Kf7 35.h3 Ke7
36.Kf4 e5+ 37.Kf5 Kf7 38.g4 hxg4 39.hxg4 Ke7 40.g5 fxg5 41.Kxe5 g4 42.Kf4 Ke6
43.Kxg4 Ke5 44.Kf3 Kd4 45.Kf4  1/2-1/2

[Event "Berlin op"]
[Site "Berlin-West"]
[Date "1987.??.??"]
[Round "?"]
[White "Begovac, Franja"]
[Black "Joecks, Christian"]
[Result "0-1"]
[WhiteElo "2390"]
[BlackElo "2255"]

1.d4 Nf6 2.c4 e6 3.Nf3 b6 4.g3 Ba6 5.b3 Bb4+ 6.Bd2 Be7 7.Bg2 c6 8.O-O O-O
9.Ne5 d5 10.Bc3 Nfd7 11.Nxd7 Nxd7 12.Nd2 Rc8 13.Re1 f5 14.Nf3 Kh8 15.Qd2 Nf6
16.Ne5 Nd7 17.Nd3 Nf6 18.Nf4 Qd7 19.Qe3 Ne4 20.Bxe4 fxe4 21.f3 Bd6 22.Ng2 c5
23.Kh1 cxd4 24.Qxd4 exf3 25.exf3 Rxf3 26.Rxe6 Bc5 27.Qe5 Rxc3 28.Re1 d4 29.Nf4 Re3  0-1

[Event "Biel schev"]
[Site "Biel"]
[Date "1987.??.??"]
[Round "?"]
[White "Lematschko, Tatjana"]
[Black "Huss, Andreas"]
[Result "1/2-1/2"]
[WhiteElo "2340"]
[BlackElo "2375"]

1.Nf3 Nf6 2.c4 e6 3.d4 b6 4.g3 Ba6 5.Qc2 c5 6.Bg2 Nc6 7.dxc5 bxc5 8.Na3 Rc8
9.O-O Qb6 10.e3 Be7 11.Rd1 O-O 12.b3 Rfd8 13.Bb2 d6 14.Rac1 Ne8 15.Bc3 Bf6
16.Nb1 Bb7 17.Bxf6 Nxf6 18.Nc3 a6 19.Rd2 h6 20.Rcd1 Qc7 21.h3 Rd7 22.Qb1 Rcd8
23.Kh2 Ne7 24.Qc2 Bc6 25.Qd3 Qb7 26.Ne1 Bxg2 27.Nxg2 Nc6 28.Qe2 Ne5 29.Ne1 Ne4
30.Nxe4 Qxe4 31.f4 Nc6 32.Nd3 Nb8 33.Re1 Qb7 34.Qg2 Qxg2+ 35.Kxg2 Kf8 36.Red1 Ke7
37.Kf3 Rc7 38.e4 f6 39.f5 e5 40.Nb2 Nc6 41.Na4 Nd4+ 42.Kf2 Rb7  1/2-1/2

[Event "Biel schev"]
[Site "Biel"]
[Date "1987.??.??"]
[Round "?"]
[White "Nemet, Ivan"]
[Black "Bellin, Jana"]
[Result "1-0"]
[WhiteElo "2390"]
[BlackElo "2340"]

1.d4 Nf6 2.c4 e6 3.Nf3 b6 4.g3 Ba6 5.Qb3 Bb7 6.Bg2 Qc8 7.Nc3 Nc6 8.Qd1 Bb4
9.O-O Bxc3 10.bxc3 Na5 11.c5 O-O 12.Re1 Ne4 13.Qc2 bxc5 14.dxc5 Nc4 15.c6 Bxc6
16.Nd4 Ned6 17.Nxc6 dxc6 18.Qa4 a5 19.e4 e5 20.Bf1 Nb6 21.Qxc6 Qb7 22.Qxb7 Nxb7
23.Rb1 Nd6 24.Ba3 Rfd8 25.Bxd6 Rxd6 26.Rb5 f6 27.c4 Rd4 28.c5 Na4 29.Rc1 Ra7
30.Rb8+ Kf7 31.Bc4+ Ke7 32.Bd5 f5 33.f3 Ra6 34.Rc8 Kd7 35.Rg8 Rg6 36.exf5 Rg5
37.Be4 Rd2 38.g4  1-0

[Event "Buenos Aires BCA"]
[Site "Buenos Aires"]
[Date "1987.??.??"]
[Round "6"]
[White "Araya, Ricardo"]
[Black "Rodriguez, Amador"]
[Result "0-1"]
[WhiteElo "2380"]
[BlackElo "2515"]

1.d4 Nf6 2.Nf3 e6 3.c4 b6 4.g3 Ba6 5.b3 d5 6.cxd5 exd5 7.Bg2 Bb4+ 8.Bd2 Bxd2+
9.Qxd2 O-O 10.O-O Re8 11.Re1 Nbd7 12.Nc3 Ne4 13.Nxe4 dxe4 14.Nh4 g6 15.Bh1 Nf6
16.Rad1 Qd6 17.Ng2 Rad8 18.Qf4 Nd5 19.Qxd6 cxd6 20.Ne3 Nxe3 21.fxe3 Rc8 22.Rc1 f5
23.Kf2 Kf7 24.Bg2 h5 25.h4 Bb7 26.Red1 Bd5 27.Ke1 Ke6 28.Kd2 Kd7 29.Rxc8 Rxc8
30.Rc1 Ra8 31.Rc3 a5 32.Rc2 b5 33.Kc1 b4 34.Kb1 a4 35.bxa4 Rxa4  0-1

[Event "Coimbatore"]
[Site "Coimbatore"]
[Date "1987.??.??"]
[Round "?"]
[White "Lukacs, Peter"]
[Black "Mithrakanth, Poorna Sharma"]
[Result "1/2-1/2"]
[WhiteElo "2520"]
[BlackElo "2310"]

1.d4 Nf6 2.c4 e6 3.Nf3 b6 4.g3 Ba6 5.b3 Bb4+ 6.Bd2 Be7 7.Nc3 Bb7 8.Bg2 O-O
9.O-O c5 10.d5 exd5 11.Nh4 Ne4 12.Nf5 Bf6 13.Rc1 Bxc3 14.Bxc3 d4 15.Bxe4 Bxe4
16.Nxd4 d5 17.cxd5 Qxd5 18.Nb5 Qc6 19.Qd6 Qxd6 20.Nxd6 Bg6 21.f4 f6 22.b4 Na6
23.a3 Rfd8 24.Rfd1 Rd7 25.Rd2 Rad8 26.Rcd1 cxb4 27.axb4 Nc7 28.Kf2 Ne8 29.Nxe8 Bxe8
30.e4 Rxd2+ 31.Rxd2 Rxd2+ 32.Bxd2 Kf7 33.Ke3 g6 34.Kd4 Bc6 35.g4 f5 36.exf5  1/2-1/2

[Event "Debrecen"]
[Site "Debrecen"]
[Date "1987.??.??"]
[Round "5"]
[White "Karolyi, Tibor Jr"]
[Black "Ambroz, Jan"]
[Result "1-0"]
[WhiteElo "2420"]
[BlackElo "2465"]

1.d4 Nf6 2.c4 e6 3.Nf3 b6 4.g3 Ba6 5.b3 Bb4+ 6.Bd2 Be7 7.Bg2 c6 8.O-O d5
9.Ne5 Nfd7 10.Nxd7 Nxd7 11.Bc3 O-O 12.Nd2 f5 13.a4 Bd6 14.b4 Nf6 15.b5 Bb7
16.Qb3 c5 17.dxc5 Bxc5 18.Bxf6 Rxf6 19.cxd5 Bxd5 20.Bxd5 Qxd5 21.Qxd5 exd5
22.Nb3 a6 23.e3 Bf8 24.Rfc1 axb5 25.axb5 Rxa1 26.Rxa1 Rd6 27.Nd4 g6 28.Ra8 Kf7
29.Ra7+ Kg8 30.Nc6 d4 31.Nxd4 Bg7 32.Rb7 f4 33.gxf4 Bxd4 34.exd4 Rxd4 35.Rxb6 Kg7
36.f5 gxf5 37.Rc6 Rb4 38.b6 Rb3 39.Kg2 Kf7 40.h4 h5 41.f4 Kg7 42.Kf2 Kf7
43.Ke2 Ke7 44.Rh6 Kd7 45.Rf6 Ke7 46.Rc6 Kd8 47.Kd2 Kd7 48.Kc2 Rb5 49.Rh6 Rb4
50.Kd3 Rxf4 51.Rxh5 Kc6 52.Rh6+ Kd5 53.h5 Rb4 54.Rg6 f4 55.Rg5+ Ke6 56.h6 f3
57.h7 Rb3+ 58.Kc2 f2 59.h8=Q f1=Q 60.Qh6+  1-0

[Event "HUN-ch op"]
[Site "Eger"]
[Date "1987.??.??"]
[Round "?"]
[White "Orso, Miklos"]
[Black "Kruszynski, Wlodzimierz"]
[Result "1-0"]
[WhiteElo "2360"]
[BlackElo "2315"]

1.d4 Nf6 2.Nf3 e6 3.c4 b6 4.g3 Ba6 5.b3 Bb4+ 6.Bd2 Be7 7.Nc3 O-O 8.Bg2 c6
9.d5 exd5 10.cxd5 Nxd5 11.Nxd5 cxd5 12.O-O Bf6 13.Rc1 Nc6 14.Re1 d4 15.b4 Re8
16.a4 b5 17.a5 Bb7 18.h4 h6 19.Nh2 Be7 20.Qb3 Bf8 21.Ng4 h5 22.Nh2 Qf6 23.Be4 Nd8
24.Nf3 Qd6 25.Bxb7 Nxb7 26.Ng5 Qg6 27.Qd5 Nd6 28.Qxd4 Nc4 29.Bc3 Be7 30.Nf3 d6
31.Qd5 a6 32.Kh2 Qg4 33.Rcd1 Rac8 34.Rd4 Qg6 35.Rd3 Rc7 36.Bd4 Bf8 37.Ng5 Be7
38.Nh3 Qh6 39.Rf3 Bf8 40.Ng5 Qg6 41.e4 Ne5 42.Rf5 Ng4+ 43.Kg2 Nh6 44.Re3 Rce7
45.Rf4 Kh8 46.Ref3 Kg8 47.Qc6 f6 48.Qd5+ Nf7 49.Rxf6 gxf6 50.Rxf6 Qg7 51.Rxf7 Qxf7
52.Nxf7 Rxf7 53.Qxh5 Bg7 54.Bxg7 Kxg7 55.Qg5+ Kf8 56.Qd5  1-0

[Event "HUN-ch op"]
[Site "Eger"]
[Date "1987.??.??"]
[Round "?"]
[White "Peric, S."]
[Black "Piesina, Gintautas"]
[Result "1/2-1/2"]
[WhiteElo "2230"]
[BlackElo "2370"]

1.d4 Nf6 2.Nf3 e6 3.c4 b6 4.g3 Ba6 5.Qb3 c5 6.d5 Bd6 7.Nc3 exd5 8.cxd5 O-O
9.Bg2 Re8 10.Nd2 Be5 11.Nc4 Bxc3+ 12.bxc3 d6 13.Bf4 Ne4 14.a4 Qf6 15.Rc1 Nxf2
16.Kxf2 g5 17.e3 Nd7 18.Bf3 gxf4 19.exf4 Qg6 20.Na3 Qd3 21.Qc2 Qe3+ 22.Kg2 Be2
23.Qxe2 Qxe2+ 24.Bxe2 Rxe2+ 25.Kh3 Nf6 26.Nb5 a6 27.Nxd6 Rd8 28.Nc4 Rxd5
29.Ne5 Ne4 30.Kh4 Rd6 31.Kg4 Rdd2 32.Rhe1 Nxc3 33.Rxe2 Nxe2 34.Rb1 Rd6 35.Nc4 Rg6+
36.Kf3 Nd4+ 37.Ke4 b5 38.Ne5 Rd6 39.axb5 axb5 40.Nd3 c4 41.Nb4 Nb3 42.Rb2 Rd4+
43.Ke5 Kg7 44.Nd5 Rd3 45.Nb4 f6+ 46.Kf5 Rd6 47.Ra2 Nd4+ 48.Ke4 Nc6 49.Nxc6 Rxc6
50.Ra7+ Kh6 51.g4 c3 52.Kf5 Rc5+ 53.Kxf6 c2 54.Ra3 Rc6+ 55.Kf7 Rc7+ 56.Kf6  1/2-1/2

[Event "Frunze"]
[Site "Frunze"]
[Date "1987.??.??"]
[Round "?"]
[White "Timoshchenko, Gennadi A"]
[Black "Jukic, Mirko"]
[Result "1/2-1/2"]
[WhiteElo "2490"]
[BlackElo "2455"]

1.d4 Nf6 2.c4 e6 3.Nf3 b6 4.g3 Ba6 5.b3 Bb4+ 6.Bd2 Be7 7.Nc3 O-O 8.e4 d5
9.cxd5 Bxf1 10.Kxf1 exd5 11.e5 Ne4 12.Kg2 f5 13.Ne2 c5 14.Be3 Qd7 15.h4 Nc6
16.Nf4 Rfd8 17.Qe2 cxd4 18.Bxd4 Bc5 19.Bxc5 bxc5 20.Rac1 Ne7 21.Ng5 Ng6 22.Nge6 Re8
23.Nxc5 Nxf4+ 24.gxf4 Qf7 25.h5 Kh8 26.Qe3 Rg8 27.f3 g5 28.Kf1 Ng3+ 29.Kf2 Nxh1+
30.Rxh1 gxf4 31.Qxf4 Qg7 32.Ke3 Rge8 33.Nd3  1/2-1/2

[Event "Gausdal zt"]
[Site "Gausdal"]
[Date "1987.??.??"]
[Round "?"]
[White "Ostenstad, Berge"]
[Black "Arnason, Jon L"]
[Result "0-1"]
[WhiteElo "2400"]
[BlackElo "2540"]

1.d4 Nf6 2.c4 e6 3.Nf3 b6 4.g3 Ba6 5.b3 Bb4+ 6.Bd2 Be7 7.Nc3 O-O 8.e4 d5
9.cxd5 Bxf1 10.Kxf1 exd5 11.e5 Ne8 12.Kg2 c5 13.Be3 Nc7 14.Rc1 Nc6 15.Ne2 Ne6
16.Qd2 Qd7 17.Rhd1 Rfd8 18.Qb2 Rac8 19.h3 Qb7 20.Nf4 cxd4 21.Nxe6 fxe6 22.Bxd4 Rf8
23.Qe2 Rf7 24.Rc2 Rcf8 25.Qb5 Nb4 26.Rc3 Nxa2 27.Re3 Rc8 28.Ne1 Nb4 29.Qe2 Bc5
30.Rf3 Rcf8 31.Rxf7 Qxf7 32.f4 Qg6 33.Kh2 Bxd4 34.Rxd4 a5 35.Nd3 Rc8 36.Nxb4 axb4
37.Rd2 Rc3 38.Qg4 Rxb3 39.Qxg6 hxg6 40.h4 Rc3 41.Ra2 b3 42.Ra6 b5  0-1

[Event "Gausdal zt"]
[Site "Gausdal"]
[Date "1987.??.??"]
[Round "?"]
[White "Hjartarson, Johann"]
[Black "Agdestein, Simen"]
[Result "1/2-1/2"]
[WhiteElo "2555"]
[BlackElo "2560"]

1.Nf3 Nf6 2.c4 e6 3.d4 b6 4.g3 Ba6 5.b3 Bb4+ 6.Bd2 Bxd2+ 7.Qxd2 d5 8.cxd5 exd5
9.Qe3+ Qe7 10.Qxe7+ Kxe7 11.Nc3 Nbd7 12.Bh3 Rhe8 13.O-O Kf8 14.Rfc1 c6 15.e3 h6
16.b4 g5 17.Bf5 Rad8 18.a4 Bc8 19.h4 g4 20.Ne1 Kg7 21.Ra2 h5 22.Ne2 Nb8 23.Bxc8 Rxc8
24.Rac2 Rc7 25.Nd3 Rec8 26.Nef4 Kf8 27.Ne5 Ke7 28.Kg2 Kd6 29.f3 gxf3+ 30.Kxf3 c5
31.bxc5+ bxc5 32.g4 Nxg4 33.Nxg4 hxg4+ 34.Kxg4 c4 35.h5 Re7 36.h6 Rh8 37.Rh2  1/2-1/2

[Event "Gausdal zt"]
[Site "Gausdal"]
[Date "1987.??.??"]
[Round "?"]
[White "Ostenstad, Berge"]
[Black "Kristiansen, Jens"]
[Result "1/2-1/2"]
[WhiteElo "2400"]
[BlackElo "2480"]

1.d4 Nf6 2.c4 e6 3.Nf3 b6 4.g3 Ba6 5.b3 b5 6.cxb5 Bxb5 7.Bg2 Bb4+ 8.Bd2 a5
9.O-O O-O 10.a3 Bxd2 11.Qxd2 d6 12.Nc3 Ba6 13.b4 axb4 14.axb4 Bb7 15.Rxa8 Bxa8
16.Ra1 Nbd7 17.Qc2 Qb8 18.b5 Nb6 19.e4 h6 20.Qe2 Rc8 21.Nd2  1/2-1/2

[Event "POL-ch sf"]
[Site "Gdynia"]
[Date "1987.??.??"]
[Round "2"]
[White "Jasnikowski, Zbigniew"]
[Black "Kruszynski, Wlodzimierz"]
[Result "1/2-1/2"]
[WhiteElo "2375"]
[BlackElo "2330"]

1.d4 Nf6 2.c4 e6 3.Nf3 b6 4.g3 Ba6 5.b3 Bb7 6.Bg2 Bb4+ 7.Bd2 a5 8.O-O O-O
9.a3 Bxd2 10.Qxd2 c5 11.Nc3 Na6 12.Rfd1 cxd4 13.Nxd4 Bxg2 14.Kxg2 Qc7 15.Qe3 Nc5
16.Qf3 a4 17.Ncb5 Qb8 18.b4 Nce4 19.Rac1 Rc8 20.Qe3 Nd6 21.Nxd6 Qxd6 22.Qf3 Qb8
23.Nb5 d5 24.cxd5 Nxd5 25.e4 Nf6 26.Rxc8+ Qxc8 27.e5 Nd5 28.Nd6 Qc7 29.Rd4 Rd8
30.Rc4 Qe7 31.h4 f6 32.Qe4 f5 33.Qf3 g6 34.Rc6 Qg7 35.Qe2  1/2-1/2

[Event "POL-ch sf"]
[Site "Gdynia"]
[Date "1987.??.??"]
[Round "5"]
[White "Jaworski, Miroslaw"]
[Black "Ostrowski, Leszek"]
[Result "1-0"]
[WhiteElo "2300"]
[BlackElo "2340"]

1.d4 Nf6 2.Nf3 e6 3.c4 b6 4.g3 Ba6 5.Qa4 c5 6.Bg2 Bb7 7.dxc5 Bxc5 8.O-O O-O
9.Nc3 Qc8 10.Bf4 a6 11.Rac1 Nc6 12.a3 Rd8 13.Rfd1 Be7 14.Qc2 Na5 15.c5 bxc5
16.Na4 Qc6 17.Nxc5 Rac8 18.Nxb7 Qxb7 19.Qa4 Qb5 20.Qxb5 axb5 21.Bc7 Rxc7
22.Rxc7 Nc4 23.b3 Nxa3 24.Ne5 g6 25.Nxd7 Kg7 26.Rd3 Nxd7 27.Rdxd7 Rxd7 28.Rxd7 Bf6
29.Be4 b4 30.Bd3 h5 31.Kg2 Bc3 32.h4 Kf6 33.Rb7 Kg7 34.f3 Be1 35.Kf1 Bd2
36.Kf2 Kf6 37.e3 Kg7 38.g4 Bc3 39.g5 Kf8 40.f4 Kg7 41.Ke2 Kf8 42.e4 Kg7  1-0

[Event "POL-ch sf"]
[Site "Gdynia"]
[Date "1987.??.??"]
[Round "5"]
[White "Stempin, Pawel"]
[Black "Siekanski, Janusz"]
[Result "1/2-1/2"]
[WhiteElo "2415"]
[BlackElo "2335"]

1.d4 Nf6 2.Nf3 e6 3.c4 b6 4.g3 Ba6 5.Qb3 Nc6 6.Nbd2 Na5 7.Qa4 Bb7 8.Bg2 c5
9.dxc5 bxc5 10.O-O Be7 11.Ne5 Bxg2 12.Kxg2 O-O 13.Ndf3 Qb6 14.Nxd7 Nxd7 15.Qxd7 Bf6
16.Qd3 h6 17.Rb1 Nc6 18.Qe4 Qa6 19.a3 Rab8 20.h4 Na5 21.Nd2 Nb3 22.Nxb3 Rxb3
23.Rd1 Rfb8 24.Rd3 Qa4 25.Rxb3 Rxb3 26.Kh2 Bd4 27.Kg2 Qa6 28.h5 Qb6 29.e3  1/2-1/2

[Event "POL-ch sf"]
[Site "Gdynia"]
[Date "1987.??.??"]
[Round "7"]
[White "Nowak, Ignacy"]
[Black "Siekanski, Janusz"]
[Result "1/2-1/2"]
[WhiteElo "2410"]
[BlackElo "2335"]

1.d4 Nf6 2.c4 e6 3.Nf3 b6 4.g3 Ba6 5.b3 Bb4+ 6.Bd2 Be7 7.Nc3 d5 8.cxd5 Nxd5
9.Bg2 O-O 10.Nxd5 exd5 11.O-O Nd7 12.Rc1 Re8 13.Rc2 c5 14.Bf4 Bb7 15.Qc1 a5
16.Rd1 a4 17.Be3 axb3 18.axb3 Ra5 19.Ne1 Rb5 20.Nd3 cxd4 21.Bxd4 Rxb3 22.Nf4 Rb5
23.Qa1 Bf6 24.Qa7 Qa8 25.Qxa8 Bxa8 26.Rc7 Rd8 27.Bh3 Bxd4 28.Rxd7 Bf6 29.Rxd8+ Bxd8
30.Bg2 Kf8 31.Nxd5 Bxd5 32.Bxd5 Bf6 33.Be4 h6 34.Rd7 Re5 35.Bd3 Re7 36.Rd6 Re6  1/2-1/2

[Event "POL-ch sf"]
[Site "Gdynia"]
[Date "1987.??.??"]
[Round "10"]
[White "Siekanski, Janusz"]
[Black "Latas, Boguslaw"]
[Result "1-0"]
[WhiteElo "2335"]
[BlackElo "2325"]

1.Nf3 e6 2.c4 Nf6 3.d4 b6 4.g3 Ba6 5.b3 d5 6.cxd5 exd5 7.Bg2 Bb4+ 8.Bd2 Bxd2+
9.Nbxd2 O-O 10.Ne5 c5 11.O-O Re8 12.Ndf3 Nbd7 13.Re1 Nxe5 14.Nxe5 Qd6 15.e3 Rad8
16.Rc1 Re7 17.Nf3 Ne4 18.Nd2 Qf6 19.Bxe4 dxe4 20.dxc5 Red7 21.Nxe4 Qg6 22.Qf3 f5
23.Nd6 bxc5 24.Nxf5 Rf8 25.e4 Qf6 26.Rcd1 Bc8 27.Rxd7 Bxd7 28.Qd3 Be6 29.f4 Rd8
30.Nd6 Qb2 31.f5 Qe5 32.Nc4 Qf6 33.Qe3 Bxc4 34.bxc4 Qe5 35.Re2 Rd4 36.Qf4 Qe8
37.Qc7 Rxc4 38.e5 h6 39.e6 Qh5 40.Qd8+ Kh7 41.Qd3 Rc1+ 42.Kg2 c4 43.Qe4 Kh8  1-0

[Event "POL-ch sf"]
[Site "Gdynia"]
[Date "1987.??.??"]
[Round "11"]
[White "Jaworski, Miroslaw"]
[Black "Siekanski, Janusz"]
[Result "1-0"]
[WhiteElo "2300"]
[BlackElo "2335"]

1.d4 Nf6 2.Nf3 e6 3.c4 b6 4.g3 Ba6 5.b3 Bb4+ 6.Bd2 Be7 7.Nc3 d5 8.cxd5 Nxd5
9.Bg2 Nd7 10.Nxd5 exd5 11.O-O O-O 12.b4 c6 13.Re1 Re8 14.Rc1 Bc4 15.a4 a5
16.bxa5 bxa5 17.Rb1 Rb8 18.Rxb8 Qxb8 19.Bxa5 Bb4 20.Bxb4 Qxb4 21.Qc2 Nb6
22.Bf1 Qxa4 23.Qxa4 Nxa4 24.e3 Bb5 25.Rc1 f6 26.Nd2 Kf7 27.Nb1 Ke6 28.Na3 Bxf1
29.Kxf1 Kd6 30.Nc2 Rb8 31.Ra1 Nc3 32.Ra7 Rb2 33.Ne1 Ne4 34.f3 Nd2+ 35.Kg1 Nb3
36.Rxg7 Re2 37.Ng2 Nd2 38.Nh4 Ke6 39.Rc7 Rxe3 40.Rxc6+ Kf7 41.Rc7+ Kg8 42.Kf2 Rd3
43.Ke2 Rxd4 44.Rc8+ Kf7 45.Nf5  1-0

[Event "Granma zt"]
[Site "Granma"]
[Date "1987.??.??"]
[Round "?"]
[White "Moran, Bernardo"]
[Black "Rodriguez, Amador"]
[Result "1/2-1/2"]
[WhiteElo "2290"]
[BlackElo "2495"]

1.d4 Nf6 2.c4 e6 3.Nf3 b6 4.g3 Ba6 5.b3 d5 6.Bg2 Bb4+ 7.Bd2 Bxd2+ 8.Qxd2 c6
9.Nc3 O-O 10.cxd5 cxd5 11.O-O Nc6 12.Rfd1 Qd6 13.e3 Rfc8 14.Rac1 Rc7 15.Bf1 Bxf1
16.Kxf1 a6 17.Na4 Ne4 18.Qb2 Ne7 19.Rxc7 Qxc7 20.Rc1 Qb7 21.Ne5 f6 22.Nd3 Rc8
23.Rxc8+ Nxc8 24.Nf4 Qc6 25.f3 Ng5  1/2-1/2

[Event "POL-chT"]
[Site "Jachranka"]
[Date "1987.??.??"]
[Round "4"]
[White "Ksieski, Zbigniew"]
[Black "Szypulski, Andrzej"]
[Result "1-0"]
[WhiteElo "2365"]
[BlackElo "2320"]

1.d4 Nf6 2.Nf3 e6 3.c4 b6 4.g3 Ba6 5.Qa4 c5 6.Bg2 Bb7 7.dxc5 Bxc5 8.Nc3 O-O
9.O-O Be7 10.Bf4 Na6 11.Rad1 Nc5 12.Qc2 Qc8 13.Nb5 Nce4 14.Nfd4 a6 15.Nc7 Ra7
16.f3 g5 17.fxe4 gxf4 18.Nd5 exd5 19.exd5 Kh8 20.Nf5 Nh5 21.Kh1 Qe8 22.Qb3 Bc8
23.Qxb6 Rb7 24.Qh6 Rxb2 25.Qxh5 f6 26.Qh6 Rf7 27.Qxf4 Bc5 28.Rb1 Rxa2 29.Rb8 Rf8
30.Bf3 Ra4 31.Rfb1 a5 32.d6 Qg6 33.Ne7 Qg5 34.Qxg5 fxg5 35.Rxc8 Rxc8 36.Nxc8 Rxc4
37.Rb8 Kg7 38.Bd5 Rd4 39.Bb3 a4 40.Bc2 Rc4 41.Bf5 a3 42.Ra8 h5 43.h3 Rc3
44.Bxd7 Rxg3 45.Bf5 Rg1+ 46.Kh2 Re1 47.Bd3 Rf1 48.d7 h4 49.Ra5 Rf2+ 50.Kg1 Be3
51.Be4 Rf3+ 52.Kh2 Bf4+ 53.Kg1 Be3+ 54.Kg2 Rf2+ 55.Kh1 Rf1+ 56.Kh2 Rf2+ 57.Bg2 Bf4+
58.Kg1 Be3 59.Rxa3 Bc5 60.e3 Rf8 61.Rd3  1-0

[Event "Jakarta zt"]
[Site "Jakarta"]
[Date "1987.??.??"]
[Round "?"]
[White "Adianto, Utut"]
[Black "Dive, Russell John"]
[Result "1-0"]
[WhiteElo "2480"]
[BlackElo "2235"]

1.d4 Nf6 2.Nf3 e6 3.c4 b6 4.g3 Ba6 5.Qc2 d5 6.cxd5 exd5 7.Bh3 Bb4+ 8.Nc3 O-O
9.O-O Re8 10.Re1 c5 11.Bg5 Bxc3 12.bxc3 h6 13.Bxf6 Qxf6 14.Ne5 Bb7 15.Rab1 Nc6
16.Nxc6 Bxc6 17.e3 Re7 18.Bg2 Rd8 19.Rbd1 Red7 20.Rd2 Qe7 21.Red1 g6 22.h4 Kg7
23.c4 Qe6 24.e4 dxe4 25.d5 Bxd5 26.cxd5 Rxd5 27.Rxd5 Rxd5 28.Rxd5 Qxd5 29.Bxe4 Qd4
30.Bd3 Qe5 31.Qc4 h5 32.Kg2 Qf6 33.Qd5 Qe7 34.Qe4 Qf6 35.Qb7 Qd4 36.Be4 Qf6
37.Bd5 Qf5 38.a4 Kg8 39.Bf3 c4 40.Qc6 Qd3 41.Bd5  1-0

[Event "Jurmala"]
[Site "Jurmala"]
[Date "1987.??.??"]
[Round "?"]
[White "Sygulski, Artur"]
[Black "Arnason, Jon L"]
[Result "0-1"]
[WhiteElo "2410"]
[BlackElo "2555"]

1.d4 Nf6 2.c4 e6 3.Nf3 b6 4.g3 Ba6 5.b3 Bb7 6.Bg2 Bb4+ 7.Bd2 a5 8.O-O O-O
9.Nc3 d6 10.Qc2 Nbd7 11.Nb5 Be4 12.Qb2 Qb8 13.Bf4 c6 14.a3 cxb5 15.axb4 axb4
16.Rxa8 Bxa8 17.Bd2 bxc4 18.bxc4 Rc8 19.Qxb4 d5 20.Rc1 dxc4 21.Rxc4 Rxc4
22.Qxc4 b5 23.Qb3 Bd5 24.Qb2 Qb7 25.Ne1 Bxg2 26.Nxg2 Ne4 27.Be1 Nd6 28.Ne3 Nb6
29.Qb4 Nbc4 30.Nxc4 Nxc4 31.Qc5 h6 32.Bb4 Kh7 33.h4 Qe4 34.Qxb5 Qxe2 35.Bc3 Qd3
36.Qb4 Kg6 37.Kg2 Qe4+ 38.Kg1 Qd3 39.Kg2 Kf5 40.Qc5+ Kg4 41.Qc6 Ne3+ 42.fxe3 Qe2+
43.Kg1 Kxg3 44.Qd6+ Kh3 45.Qc6 g5 46.hxg5 hxg5 47.Ba5 f5 48.Be1 Qxe1+  0-1

[Event "URS-FL"]
[Site "Kursk"]
[Date "1987.??.??"]
[Round "?"]
[White "Melnikov, A."]
[Black "Panchenko, Alexander N"]
[Result "1/2-1/2"]
[WhiteElo "2335"]
[BlackElo "2455"]

1.d4 Nf6 2.Nf3 e6 3.c4 b6 4.g3 Ba6 5.b3 b5 6.cxb5 Bxb5 7.Bg2 c5 8.O-O Be7
9.Ne5 d5 10.Nc3 Ba6 11.dxc5 Bxc5 12.b4 Bd6 13.Qa4+ Nfd7 14.Nxd7 Qxd7 15.b5 Be5
16.Bb2 Bxc3 17.Bxc3 Bxb5 18.Qa3 f6 19.Rfd1 Nc6 20.Rd2 Qe7 21.Qb2 Rb8 22.e4 dxe4
23.Bxe4 O-O 24.Qc2 f5 25.Bg2 Rfc8 26.Re1 Nb4 27.Qb3 Bc4 28.Qa3  1/2-1/2

[Event "Linares cf"]
[Site "Linares"]
[Date "1987.??.??"]
[Round "2"]
[White "Karpov, Anatoly"]
[Black "Sokolov, Andrei"]
[Result "1-0"]
[WhiteElo "2710"]
[BlackElo "2645"]

1.d4 Nf6 2.c4 e6 3.Nf3 b6 4.g3 Ba6 5.b3 Bb4+ 6.Bd2 Be7 7.Nc3 d5 8.cxd5 Nxd5
9.Bg2 O-O 10.Nxd5 exd5 11.O-O Nd7 12.Rc1 Re8 13.Re1 c5 14.Be3 Bb7 15.Bh3 cxd4
16.Bxd4 Nf6 17.Rc2 Bb4 18.Rf1 Ba6 19.Bb2 Bf8 20.Nd4 Ne4 21.Qc1 Bc5 22.Rd1 Qf6
23.Qf4 Qxf4 24.gxf4 Bc8 25.Bg2 Bd7 26.e3 Rac8 27.Rdc1 f6 28.Bf1 Bxd4 29.Bxd4 Rxc2
30.Rxc2 Rc8 31.Rxc8+ Bxc8 32.Be2 Bf5 33.Kf1 Kf7 34.Ke1 Ke6 35.f3 Nd6 36.Kd2 Kd7
37.a4 Bh3 38.Ba6 Kc7 39.Bc3 Bc8 40.Bd3 Bf5 41.Bxf5 Nxf5 42.e4 dxe4 43.fxe4 Nd6
44.Kd3 Nb7 45.b4 a5 46.Kc4 axb4 47.Bxb4 Kc6 48.Bf8 g6 49.Be7 Na5+ 50.Kb4 Nb7
51.Kc4 Na5+ 52.Kc3 Nb7 53.Kd4 Kd7 54.Bxf6 Ke6 55.Bg7 Nc5 56.Kc4 Nxe4 57.Kb5 Nc5
58.Bf8 Nd7 59.Ba3 Kd5 60.Be7 Kd4 61.Bd8  1-0

[Event "Linares cf"]
[Site "Linares"]
[Date "1987.??.??"]
[Round "4"]
[White "Karpov, Anatoly"]
[Black "Sokolov, Andrei"]
[Result "1/2-1/2"]
[WhiteElo "2710"]
[BlackElo "2645"]

1.d4 Nf6 2.c4 e6 3.Nf3 b6 4.g3 Ba6 5.b3 Bb4+ 6.Bd2 Be7 7.Nc3 d5 8.cxd5 Nxd5
9.Nxd5 exd5 10.Bg2 O-O 11.O-O Nd7 12.Rc1 Re8 13.Re1 Bd6 14.Rc2 Nf6 15.Bf4 Bxf4
16.gxf4 Qd6 17.Qc1 c5 18.Qa3 Bb7 19.dxc5 bxc5 20.Ne5 Nd7 21.Rec1 Nxe5 22.fxe5 Qg6
23.Qxc5 d4 24.f3 d3 25.exd3 Qxd3 26.Rc3 Qf5 27.Qb5 Rab8 28.Re1 h6 29.Qd3 Rxe5
30.Qxf5 Rxf5 31.Re7 a5 32.Kf2 g5 33.Kg3 Kf8 34.Rec7 Kg7 35.R3c5 Rxc5 36.Rxc5 Ra8
37.Bf1 a4 38.Bc4 axb3 39.Bxb3 Rd8 40.Rc3 Kg6 41.Bxf7+ Kxf7 42.Rc7+  1/2-1/2

[Event "Linares cf"]
[Site "Linares"]
[Date "1987.??.??"]
[Round "6"]
[White "Karpov, Anatoly"]
[Black "Sokolov, Andrei"]
[Result "1-0"]
[WhiteElo "2710"]
[BlackElo "2645"]

1.d4 Nf6 2.c4 e6 3.Nf3 b6 4.g3 Ba6 5.b3 Bb4+ 6.Bd2 Be7 7.Nc3 d5 8.cxd5 Nxd5
9.Nxd5 exd5 10.Bg2 Nd7 11.O-O O-O 12.Rc1 Re8 13.Re1 c5 14.Be3 Bb7 15.Bh3 cxd4
16.Bxd4 Nf6 17.Rc2 Bb4 18.Rf1 Ba6 19.Nh4 Bf8 20.Nf5 Ne4 21.Ne3 Qd6 22.Qc1 Rad8
23.Rd1 Qh6 24.Bg2 Ng5 25.Qb2 Nh3+ 26.Kf1 Ng5 27.Kg1 Nh3+ 28.Kf1 Ng5 29.h4 Ne4
30.Ng4 Qe6 31.Bh3 Ba3 32.Qxa3 Bxe2+ 33.Rxe2 Nxg3+ 34.Kg2 Qxe2 35.Qc1 Nh5
36.Kh2 Rd6 37.Qd2 Qf3 38.Ne5 Qf4+ 39.Qxf4 Nxf4 40.Bd7 Rd8 41.Bb5 Ne6 42.Bb2 a6
43.Bf1 Rc8 44.Rd2 d4 45.Bg2 Nf4 46.Bf3 d3 47.Nc4 Rh6 48.Kg3 Ne2+ 49.Bxe2 dxe2
50.Rxe2 b5 51.Ne3 Re6 52.Rd2 h5 53.Kf4 Rc7 54.Rd5 f6 55.Ba3 g6 56.Bc5 Kf7
57.b4 Ke8 58.Rd1 Rd7 59.Ra1 Rd2 60.Kf3 Kf7 61.a4 bxa4 62.Rxa4 g5 63.Ra3 Kg6
64.Kg2 gxh4 65.Nf1 Rc2 66.Nh2 Rc4 67.Nf3 Kf7 68.Kh2 Rf4 69.Kg2 Ree4 70.Nd2 Re6
71.Nf1 Rg4+ 72.Kh3 Rf4 73.Ra2 Rf3+ 74.Kg2 Rd3 75.Ne3 Kg6 76.Ra1 f5 77.Kh2 f4
78.Rg1+ Kf7 79.Ng2 Rc6 80.Nxf4 Rf3 81.Nh3 Kf6 82.Re1 Rf5 83.Re4 a5 84.Be3 axb4
85.Rxb4 Ra6 86.Rxh4 Raa5 87.Rc4 Rfb5 88.Kg3 Ra8 89.Kh4 Rg8  1-0

[Event "Linares cf"]
[Site "Linares"]
[Date "1987.??.??"]
[Round "8"]
[White "Karpov, Anatoly"]
[Black "Sokolov, Andrei"]
[Result "1/2-1/2"]
[WhiteElo "2710"]
[BlackElo "2645"]

1.d4 Nf6 2.c4 e6 3.Nf3 b6 4.g3 Ba6 5.b3 Bb4+ 6.Bd2 Be7 7.Nc3 O-O 8.e4 d5
9.cxd5 Bxf1 10.Kxf1 exd5 11.e5 Ne4 12.Rc1 c5 13.Kg2 Nc6 14.Re1 Nxc3 15.Bxc3 Qd7
16.Qd3 Rac8 17.Bd2 h6 18.Qb5 Qf5 19.Bc3 cxd4 20.Bb2 Bc5 21.a3 d3 22.Red1 a5
23.Qxd3 Qxd3 24.Rxd3 d4 25.Nxd4 Nxd4 26.Bxd4 Bxd4 27.Rxc8 Rxc8 28.Rxd4 Rc3
29.b4 Rxa3 30.bxa5 Rxa5 31.f4 g6 32.Kh3 Kf8 33.Rd7 Ra2 34.Rb7 Rb2 35.Rc7 b5
36.Rb7 Kg8 37.Rd7 Kf8 38.g4 Rb3+ 39.Kg2 Rb2+ 40.Kg3 Rb3+ 41.Kf2 Rb2+  1/2-1/2